| 000 | 00846nam a2200229 u 4500 | ||
|---|---|---|---|
| 001 | 000348110 | ||
| 003 | AM-YeHGA | ||
| 005 | 20250618072158.0 | ||
| 008 | 040701s1976 ai r 000 0 arm d | ||
| 040 | _aAM-YeHGA | ||
| 041 | 0 | _aarm | |
| 080 | _aAp2 | ||
| 090 | _aՄ-99 | ||
| 100 | 1 |
_aՄուրադյան, Դավիթ Էդուարդի, _d1951- _92693 |
|
| 245 | 1 | 0 |
_aՈւզում եմ քեզ պատմել : _b[Պատմվածքներ: Միջին և բարձր տարիքի դպր. համար] / _cԴ.Է. Մուրադյան; Խմբ.՝ Կ.Ա. Սիմոնյան. |
| 260 |
_aԵրևան : _bՀայաստան, _c1976. |
||
| 300 |
_a76 էջ ; _c17 սմ. |
||
| 650 | 1 | 4 |
_aՀայ գրականություն _xՊատմվածք |
| 700 | 1 |
_aՍիմոնյան, Կարեն Արամի, _d1936-2018 _eխմբ. _4edt _98967 |
|
| 942 |
_2udc _cBK |
||
| 090 | _c134180 | ||
| 999 |
_c132814 _d132814 |
||